[Event "Invitation"]
[Site "http://www.queenalice.com/game.php?id=893470"]
[Date "2011.1.30"]
[Round "-"]
[White "Flamengo140575"]
[Black "Flamengo150576"]
[Result "0-1"]
[WhiteElo "1779"]
[BlackElo "1500"]

1. d4 d5 2. c4 e6 3. Nf3 Nf6 4. Nc3 Be7 5. Bf4 O-O 6. e3 c5 7. Bd3 cxd4 8. exd4
dxc4 9. Bxc4 a6 10. O-O b5 11. Bb3 Bb7 12. h3 b4 13. Ne2 Bxf3 14. gxf3 Nd5 15.
Be5 Nc6 16. Bg3 Bg5 17. Qc2 Rc8 18. Qd3 Na5 19. Bc2 f5 20. Qxa6 Rxc2 21. Qxe6+
Kh8 22. Nc1 Rf6 23. Qa6 Rxa6 24. Nd3 f4 0-1

[Event "Challenge"]
[Site "http://www.queenalice.com/game.php?id=893762"]
[Date "2011.1.31"]
[Round "-"]
[White "Flamengo150576"]
[Black "Tuco"]
[Result "0-1"]
[WhiteElo "1551"]
[BlackElo "1392"]

1. d4 d5 2. c4 dxc4 3. e4 Nc6 4. Nf3 b6 5. Nc3 Bb7 6. Bxc4 Qd6 7. d5 Ne5 8. Nxe5
Qxe5 9. Qa4+ Kd8 10. Be3 g6 11. O-O Nf6 12. f4 Qh5 13. f5 gxf5 0-1

[Event "Challenge"]
[Site "http://www.queenalice.com/game.php?id=894431"]
[Date "2011.2.1"]
[Round "-"]
[White "Flamengo150576"]
[Black "Xmen"]
[Result "1-0"]
[WhiteElo "1500"]
[BlackElo "1902"]

1. Nc3 d5 2. e4 d4 3. Nce2 e5 4. Ng3 c5 5. Nf3 h5 6. Nxe5 Bd6 7. Bb5+ Bd7 8.
Nxd7 Nxd7 9. Nf5 Be5 10. f4 g6 11. fxe5 gxf5 12. O-O Qe7 13. Rxf5 O-O-O 14.
Bxd7+ Rxd7 15. d3 f6 16. exf6 Nxf6 17. Bg5 Rf8 18. Bxf6 Rxf6 19. Qxh5 Rb6 20.
Rxc5+ Kb8 21. Rf1 Rxb2 22. Qe5+ Qxe5 23. Rf8+ Rd8 24. Rxd8# 1-0

[Event "Challenge"]
[Site "http://www.queenalice.com/game.php?id=894634"]
[Date "2011.2.2"]
[Round "-"]
[White "Flamengo150576"]
[Black "king_chess"]
[Result "0-1"]
[WhiteElo "1645"]
[BlackElo "1954"]

1. e4 c5 2. Nf3 d6 3. d4 cxd4 4. Nxd4 e5 5. Bb5+ Bd7 6. Bxd7+ Nxd7 7. Nf5 Nc5 8.
Nc3 Nf6 9. Bg5 g6 10. Ne3 Be7 11. Qf3 Ne6 12. Bxf6 Bxf6 13. Ned5 Bg7 14. O-O O-O
15. Qe2 Nd4 16. Qd2 Qh4 17. f4 Kh8 18. fxe5 dxe5 19. Rad1 Rad8 20. g3 Qg4 0-1

[Event "Let's Play Chess!"]
[Site "http://www.queenalice.com/game.php?id=894954"]
[Date "2011.2.2"]
[Round "-"]
[White "rotwein"]
[Black "Flamengo150576"]
[Result "1-0"]
[WhiteElo "2068"]
[BlackElo "1716"]

1. d4 Nf6 2. c4 c6 3. Nf3 d5 4. e3 e6 5. Bd3 dxc4 6. Bxc4 Bd6 7. Nc3 b5 8. Bd3
Nbd7 9. O-O b4 10. Ne4 Nxe4 11. Bxe4 Ba6 12. Re1 Rc8 13. Qc2 Qb6 14. Bd2 c5 15.
d5 Nf6 16. dxe6 fxe6 17. Ng5 Ke7 18. Bf3 Rhd8 19. e4 Bd3 20. Qc1 Qc7 21. h4 h6
22. Nh3 Bh2+ 23. Kh1 Be5 24. g3 Rd4 25. Bf4 Nxe4 26. Bxe5 Qxe5 27. Nf4 Qf5 28.
Qe3 1-0

[Event "Challenge"]
[Site "http://www.queenalice.com/game.php?id=894990"]
[Date "2011.2.2"]
[Round "-"]
[White "augustoluizheck"]
[Black "Flamengo150576"]
[Result "1-0"]
[WhiteElo "1477"]
[BlackElo "1636"]

1. e4 Nf6 2. Nc3 e5 3. Nf3 Nc6 4. Bb5 Bb4 5. O-O O-O 6. d3 Bxc3 7. bxc3 d6 8.
Re1 Bg4 9. h3 Bxf3 10. Qxf3 Nd7 11. Be3 a6 12. Bxc6 1-0

[Event "vamos jogar!!!"]
[Site "http://www.queenalice.com/game.php?id=895001"]
[Date "2011.2.2"]
[Round "-"]
[White "Flamengo150576"]
[Black "feliz70"]
[Result "0-1"]
[WhiteElo "1515"]
[BlackElo "2311"]

1. e4 e6 2. d4 d5 3. Nc3 Bb4 4. exd5 exd5 5. Bd3 Nf6 6. Nf3 O-O 7. O-O Nc6 8.
Bg5 Be6 9. Ne5 h6 10. Bxf6 Qxf6 11. Nxc6 bxc6 12. Na4 Bd6 13. c3 Rfe8 14. Nc5 a5
15. Nxe6 Rxe6 16. Qh5 Rb8 17. b3 Ba3 18. Rab1 Qf4 19. Qf5 Qxf5 20. Bxf5 Re2 21.
Bd7 Rb6 22. Ra1 Rc2 23. Rfe1 g6 24. Re3 c5 0-1

[Event "Challenge"]
[Site "http://www.queenalice.com/game.php?id=895144"]
[Date "2011.2.2"]
[Round "-"]
[White "Flamengo150576"]
[Black "Xmen"]
[Result "1-0"]
[WhiteElo "1670"]
[BlackElo "1881"]

1. d4 a5 2. e4 c6 3. Nf3 b5 4. Bd3 d5 5. exd5 Qxd5 6. O-O Nf6 7. Nc3 Qh5 8. a4
b4 9. Ne2 Bg4 10. Ne5 e6 11. f3 Bd6 12. Nf4 Qg5 13. Nxe6 Qh4 14. Bg5 Bxf3 15.
Qxf3 Qxh2+ 16. Kxh2 Bxe5+ 17. dxe5 Nd5 18. Qxf7# 1-0